On Your Keyboard Quiz Stats

 Plays Quiz Updated Jan 3, 2014

     
Support Sporcle.
Go Orange.
Score 0/13 Timer 03:00
0 Plays Today
Hint Keyboard Button % Correct
According to Dorothy, there is no place like thisHome
97%
To remove by striking out or cancelingDelete
82.2%
To change gears in a carShift
75.9%
Often the very last word in a fairy tale(The) End
75.5%
Bruce Lee's final movie: _____ the DragonEnter
65.3%
1979 film in which Clint Eastwood's character did this from AlcatrazESC(ape)
62.8%
In Star Trek, this is the final frontierSpace(bar)
55.3%
A popular type of Grand Prix car racingF1
50.2%
Coca-Cola produced diet soft drinkTab
49.5%
The strongest and most damaging type of tornadoF5
39.3%
A separate advertisement, printed independently and put into a publicationInsert
38.1%
American model and actress Carol _____Alt
36.5%
1986 single and album from Janet JacksonCtrl
34.3%

From the Vault

5-Letter Ends in 'D'

by sproutcm

These words all end with a thud.
Remove Ads.
Support Sporcle.
Get the best of Sporcle when you Go Orange. This ad-free experience offers more features, more stats, and more fun while also helping to support Sporcle. Thank you for becoming a member.

Show Comments

Extras

Top Quizzes Today


Score Distribution

Your Account Isn't Verified!

In order to create a playlist on Sporcle, you need to verify the email address you used during registration. Go to your Sporcle Settings to finish the process.

Report this User

Report this user for behavior that violates our Community Guidelines.

Details: